| 000 | 00907nam a2200313Ia 4500 | ||
|---|---|---|---|
| 003 | OSt | ||
| 005 | 20220912145321.0 | ||
| 006 | a|||||r|||| 00| 0 | ||
| 007 | ta | ||
| 008 | 220909b |||||||| |||| 00| 0 eng d | ||
| 020 | _a9780470119266 (pbk) | ||
| 024 | _a83359 | ||
| 037 | _b341, 02/03/2009, Dhanraj Book House | ||
| 037 | _cTextual | ||
| 040 |
_aCSL _beng _cCSL |
||
| 041 | _aeng | ||
| 082 | _aG:55, P4;P8 | ||
| 100 | _aRaven Peter H | ||
| 245 | 0 | _aEnvironment | |
| 250 | _a6 | ||
| 260 |
_aNew Jersey _bWiley _c2008 |
||
| 300 |
_axx, 599p. _ccm. |
||
| 500 | _aAppendices I-V, A1-A11p.; Glossary G1-G16p.; Index I1-I20p. | ||
| 650 | _aEnvironment | ||
| 700 | _a Berg Linda R | ||
| 700 | _a Hassenzahl David M | ||
| 942 |
_hG:55, P4;P8 _cTEXL _2CC |
||
| 999 |
_c28815 _d28815 |
||